| 000 | 00903cam a22002531 4500 | ||
|---|---|---|---|
| 001 | sa 68018586 | ||
| 003 | DLC | ||
| 005 | 20260227112713.0 | ||
| 008 | 900713m19601966ii h b 000 0 arar | ||
| 010 | _asa 68018586 | ||
| 025 | _aPL480:I-Ar-79 | ||
| 035 | _a(OCoLC)22000508 | ||
| 040 |
_aDLC _cWaU _dWaU _dDLC |
||
| 042 | _apremarc | ||
| 050 | 0 | 0 |
_aBP75.5 _b.K28 |
| 100 | 2 |
_aKāndihlawī al-Dihlawī, Muḥammad Yūsuf ibn Muḥammad Ilyās, _d1917-1965. |
|
| 245 | 1 | 0 |
_aḤayāt al-ṣaḥābah, _ctaʼlīf Muḥammad Yūsuf Najl Muḥammad Ilyās al-Kāndh́ilawī. |
| 250 | _aal-Ṭabʻah 1. | ||
| 260 |
_aḤaydarābād al-Dakkan, _bMaṭbaʻat Majlis Dāʼirat al-Maʻārif al-ʻUthmānīyah, _c1960-66. |
||
| 300 |
_a3 v. _bfacsim. _c25 cm. |
||
| 504 | _aIncludes bibliographical references. | ||
| 600 | 0 | 0 |
_aMuḥammad, _cProphet, _d-632 _xCompanions. |
| 600 | 0 | 0 |
_aMuḥammad, _cProphet, _d-632. |
| 999 |
_c88524 _d88524 |
||